| 000 | 00774nam a22002177a 4500 | ||
|---|---|---|---|
| 999 |
_c2219 _d2219 |
||
| 003 | AR-CdUCM | ||
| 008 | 190304b ||||| |||| 00| 0 spa d | ||
| 040 |
_aMUNICIPALIDAD PROVINCIAL DEL CUSCO _cBIBLIOTECA MUNICIPAL DEL CUSCO |
||
| 082 |
_a343.333 / _bT73 |
||
| 100 |
_aTorres y Torres Lara, Carlos _97994 |
||
| 245 | _aLos decretos de urgencia / | ||
| 260 |
_aLima : _bStudium, _c1991. |
||
| 300 |
_a275 paginas ; _c23 cm. |
||
| 505 | _aEl conflicto -- La primera reacción parlamentaria -- La reacción periodística informativa -- La reacción corporativa ... | ||
| 650 |
_aPerú. Congreso _97995 |
||
| 650 |
_aPráctica parlamentaria _97996 |
||
| 650 |
_aReacción corporativa _97997 |
||
| 650 |
_aReacción doctrinaria _97998 |
||
| 942 |
_2ddc _cLIBROS |
||
| 945 | _aacv | ||